[Event "DVM U16 2017"]
[Site "Walldorf GER"]
[Date "2017.12.30"]
[Round "7"]
[White "Steffens, Oliver"]
[Black "Holinka, Henning"]
[Result "0-1"]
[Termination "normal"]
[Board "1.2"]
[WhiteElo "2064"]
[BlackElo "2069"]
[WhiteClock "00:00:33"]
[BlackClock "00:33:43"]
[WhiteTeam "Delmenhorster SK"]
[BlackTeam "Hamburger SK"]
[PlyCount "44"]
[WhiteFideId "12947148"]
[BlackFideId "12967084"]
[EventCountry "GER"]
[EventRounds "7"]
[EventType "team-swiss"]
[EventDate "2017.12.26"]

1. e4 g6 2. d4 Bg7 3. Nc3 d6 4. f4 a6 5. Nf3 b5 6. Bd3 Bb7 7. a4 b4 8. Ne2 Nd7
9. c3 c5 10. cxb4 cxd4 11. Nexd4 e5 12. Nb3 Ngf6 13. fxe5 Nxe5 14. Nxe5 dxe5
15. Qe2 Nxe4 16. O-O Qb6+ 17. Be3 Qxb4 18. Rfc1 Qxb3 19. Ra3 Qd5 20. Bc4 Qd7
21. Rd3 Qe7 22. Bxf7+ Qxf7 0-1

[Event "DVM U16 2017"]
[Site "Walldorf GER"]
[Date "2017.12.30"]
[Round "7"]
[White "Sinnhöfer, Jonas"]
[Black "Fuhrmann, Äke"]
[Result "1/2-1/2"]
[Termination "normal"]
[Board "1.4"]
[WhiteElo "1853"]
[BlackElo "1760"]
[WhiteClock "00:12:22"]
[BlackClock "01:03:04"]
[WhiteTeam "Delmenhorster SK"]
[BlackTeam "Hamburger SK"]
[PlyCount "70"]
[WhiteFideId "12982938"]
[BlackFideId "12983853"]
[EventCountry "GER"]
[EventRounds "7"]
[EventType "team-swiss"]
[EventDate "2017.12.26"]

1. e4 c5 2. Nf3 d6 3. Bb5+ Bd7 4. Bxd7+ Qxd7 5. O-O Nc6 6. c4 g6 7. d4 cxd4 8.
Nxd4 Bg7 9. Be3 Nf6 10. f3 O-O 11. Nc3 a6 12. Nd5 Nxd5 13. cxd5 Nxd4 14. Bxd4
b5 15. Bxg7 Kxg7 16. Qd4+ Kg8 17. Rfc1 Rfc8 18. Qe3 Rxc1+ 19. Rxc1 Rc8 20. Rc3
Rxc3 21. Qxc3 Qa7+ 22. Kf1 Qc5 23. g3 f6 24. f4 Kf7 25. h4 Qxc3 26. bxc3 e6 27.
Ke2 exd5 28. exd5 f5 29. Kd3 Ke7 30. c4 bxc4+ 31. Kxc4 Kd7 32. a4 h5 33. Kb4
Kc7 34. Ka5 Kb7 35. Kb4 Kb6 1/2-1/2

[Event "DVM U16 2017"]
[Site "Walldorf GER"]
[Date "2017.12.30"]
[Round "7"]
[White "Vuckovic, Zarko"]
[Black "Roseneck, Jonas"]
[Result "0-1"]
[Termination "normal"]
[Board "2.1"]
[WhiteElo "2115"]
[BlackElo "2287"]
[WhiteClock "01:14:25"]
[BlackClock "00:10:15"]
[WhiteTeam "SF Augsburg"]
[BlackTeam "SG Aufbau Elbe Magdeburg"]
[PlyCount "136"]
[WhiteFideId "12952087"]
[BlackFideId "12939870"]
[EventCountry "GER"]
[EventRounds "7"]
[EventType "team-swiss"]
[EventDate "2017.12.26"]

1. e4 c5 2. Nc3 Nc6 3. f4 g6 4. Nf3 Bg7 5. Bb5 Nd4 6. Nxd4 cxd4 7. Ne2 e6 8.
O-O Qb6 9. Bd3 Ne7 10. b3 O-O 11. Ba3 Re8 12. Bb2 d5 13. e5 Nc6 14. a4 a5 15.
Qe1 f6 16. exf6 Bxf6 17. Qf2 Qc5 18. Rac1 Qb4 19. Bb5 Rf8 20. Bxc6 bxc6 21.
Bxd4 Qxd2 22. Bc5 Ba6 23. Bxf8 Rxf8 24. Rfe1 Bb2 25. Rcd1 Qxc2 26. Qe3 Qf5 27.
Nd4 Qxf4 28. Qxf4 Rxf4 29. Nxe6 Rb4 30. Nc5 Rb6 31. Re8+ Kf7 32. Ra8 Be2 33.
Rd2 Bc3 34. Rxe2 Bd4+ 35. Kf1 Bxc5 36. Rxa5 Bd6 37. Ra7+ Kf6 38. a5 Rxb3 39.
Ra6 Rc3 40. g3 d4 41. Ke1 Bb4 42. Kd1 Kf5 43. Ra7 c5 44. Rf7+ Kg4 45. a6 Ra3
46. a7 d3 47. Re4+ Kg5 48. Rc4 d2 49. Rd7 Ra1+ 50. Ke2 Re1+ 51. Kf3 Rf1+ 52.
Kg2 Ra1 53. Rf4 Rxa7 54. Rd5+ Kh6 55. Kf2 Ra1 56. Rxb4 cxb4 57. Rxd2 b3 58. Kf3
Ra2 59. Rd1 Rxh2 60. Rd3 b2 61. Rb3 Kg5 62. Rb5+ Kf6 63. Kf4 Ke6 64. Ke4 Kd6
65. Kd4 Kc6 66. Rb3 Rg2 67. Kc4 h5 68. Kd4 g5 0-1

[Event "DVM U16 2017"]
[Site "Walldorf GER"]
[Date "2017.12.30"]
[Round "7"]
[White "Biastoch, Bennet"]
[Black "Vuckovic, Robert"]
[Result "1-0"]
[Termination "normal"]
[Board "2.2"]
[WhiteElo "2234"]
[BlackElo "1759"]
[WhiteClock "00:24:02"]
[BlackClock "01:07:15"]
[WhiteTeam "SG Aufbau Elbe Magdeburg"]
[BlackTeam "SF Augsburg"]
[PlyCount "99"]
[WhiteFideId "12939889"]
[BlackFideId "12998680"]
[EventCountry "GER"]
[EventRounds "7"]
[EventType "team-swiss"]
[EventDate "2017.12.26"]

1. e4 e6 2. d4 d5 3. Nc3 dxe4 4. Nxe4 Nd7 5. Bd3 Ngf6 6. Qe2 Be7 7. Nf3 c5 8.
Nxf6+ Bxf6 9. d5 e5 10. Qe4 h6 11. O-O g6 12. Bb5 Kf8 13. Be3 Qb6 14. Bxd7 Bxd7
15. Nxe5 Bf5 16. Qxf5 gxf5 17. Nd7+ Ke7 18. Nxb6 axb6 19. Rfe1 Kd7 20. c3 h5
21. a4 Ra6 22. Ra2 Re8 23. Rc1 Re4 24. c4 f4 25. Bd2 Rd4 26. b3 Rd3 27. Rb1 f3
28. gxf3 Rxf3 29. Be3 Be5 30. Kg2 Rf6 31. Rg1 Bd6 32. Kh1 Rg6 33. Rxg6 fxg6 34.
Bg5 Ra8 35. Re2 Re8 36. Rxe8 Kxe8 37. Kg2 Bc7 38. h3 Be5 39. Kf3 Bd4 40. Be3
Bf6 41. Ke4 Kd7 42. Bf4 Bd4 43. f3 Bc3 44. Be5 Bd2 45. f4 Ke7 46. Bc7 Ba5 47.
f5 g5 48. d6+ Kd7 49. f6 Ke6 50. f7 1-0

[Event "DVM U16 2017"]
[Site "Walldorf GER"]
[Date "2017.12.30"]
[Round "7"]
[White "Hamkar, Mehran"]
[Black "Wagner, Benjamin"]
[Result "0-1"]
[Termination "normal"]
[Board "2.3"]
[WhiteElo "1681"]
[BlackElo "2005"]
[WhiteClock "00:02:24"]
[BlackClock "00:31:58"]
[WhiteTeam "SF Augsburg"]
[BlackTeam "SG Aufbau Elbe Magdeburg"]
[PlyCount "76"]
[WhiteFideId "16216946"]
[BlackFideId "12957330"]
[EventCountry "GER"]
[EventRounds "7"]
[EventType "team-swiss"]
[EventDate "2017.12.26"]

1. e4 e5 2. Nf3 Nc6 3. d4 exd4 4. Bc4 Nf6 5. e5 d5 6. Bb5 Ne4 7. Nxd4 Bd7 8.
Bxc6 bxc6 9. O-O Bc5 10. Be3 Bb6 11. f3 Ng5 12. c3 O-O 13. Nd2 c5 14. Nc2 Bf5
15. f4 Ne4 16. Nb3 c6 17. g4 Bc8 18. Qf3 f6 19. exf6 Qxf6 20. h3 Ba6 21. Rfe1
Rae8 22. Rad1 Qh4 23. Kg2 Bc8 24. Rf1 h5 25. f5 g6 26. Bf2 Qe7 27. Ne3 Bc7 28.
Nd2 Qe5 29. Bg1 Ng5 30. Qf2 d4 31. Nc2 Qd5+ 32. Nf3 Nxh3 33. Kxh3 hxg4+ 34. Kg2
Rxf5 35. Nce1 gxf3+ 36. Nxf3 Rg5+ 37. Kh1 Rh5+ 38. Kg2 Bh3+ 0-1

[Event "DVM U16 2017"]
[Site "Walldorf GER"]
[Date "2017.12.30"]
[Round "7"]
[White "Hoffmann, Lennard"]
[Black "Thorwarth, Paul"]
[Result "1-0"]
[Termination "normal"]
[Board "2.4"]
[WhiteElo "2041"]
[BlackElo "1572"]
[WhiteClock "00:28:53"]
[BlackClock "00:08:02"]
[WhiteTeam "SG Aufbau Elbe Magdeburg"]
[BlackTeam "SF Augsburg"]
[PlyCount "119"]
[WhiteFideId "12943495"]
[BlackFideId "16216865"]
[EventCountry "GER"]
[EventRounds "7"]
[EventType "team-swiss"]
[EventDate "2017.12.26"]

1. e4 c5 2. Nf3 Nc6 3. d4 cxd4 4. Nxd4 Qb6 5. Nb3 Nf6 6. Nc3 e6 7. Bd3 Be7 8.
Be3 Qc7 9. Qe2 O-O 10. O-O-O Ne5 11. Kb1 Nxd3 12. cxd3 a5 13. Rc1 Qb8 14. g4 b5
15. g5 Ne8 16. h4 a4 17. Nd4 b4 18. Nd1 b3 19. a3 Ba6 20. f4 Nd6 21. Nf2 Nb5
22. Nxb5 Qxb5 23. Bd4 d6 24. Bc3 d5 25. Qf3 dxe4 26. dxe4 Rac8 27. f5 Qe2 28.
Qxe2 Bxe2 29. Rhe1 Bh5 30. f6 gxf6 31. gxf6 Bd6 32. Rg1+ Kh8 33. Rg5 Bf4 34.
Rxh5 Bxc1 35. Kxc1 Rg8 36. Ra5 Ra8 37. Rxa8 Rxa8 38. Ng4 h5 39. Ne5 Ra7 40. Nc4
Kh7 41. Kd2 Ra8 42. Ne5 Ra7 43. Ke3 Rc7 44. Nd3 Kg6 45. Kf4 Rc8 46. Ke5 Rc4 47.
Kf4 Rc8 48. Ke3 Rc7 49. Nf4+ Kh7 50. Kd3 Kh6 51. Bd2 Rc2 52. Nxe6+ Kg6 53. Nf4+
Kxf6 54. Bc3+ Ke7 55. Nxh5 Rh2 56. Ng7 Rh3+ 57. Kc4 Kf8 58. Nf5 Kg8 59. Kb4 Kh7
60. Bd4 0-1

[Event "DVM U16 2017"]
[Site "Walldorf GER"]
[Date "2017.12.30"]
[Round "7"]
[White "Browning, Alex"]
[Black "Elier, Ali"]
[Result "1/2-1/2"]
[Termination "normal"]
[Board "3.1"]
[WhiteElo "2164"]
[BlackElo "1910"]
[WhiteClock "00:04:02"]
[BlackClock "00:41:59"]
[WhiteTeam "MS Halver-Schalksmühle"]
[BlackTeam "SF Brackel"]
[PlyCount "70"]
[WhiteFideId "12984019"]
[BlackFideId "16217543"]
[EventCountry "GER"]
[EventRounds "7"]
[EventType "team-swiss"]
[EventDate "2017.12.26"]

1. e4 e5 2. Nf3 Nf6 3. Nxe5 d6 4. Nf3 Nxe4 5. Nc3 Nxc3 6. dxc3 Be7 7. Bf4 Bf5
8. Qd2 Nc6 9. O-O-O Qd7 10. h3 O-O 11. Kb1 Rfb8 12. Rg1 b5 13. g4 Be6 14. Bg2
b4 15. c4 Bxc4 16. Ne5 Nxe5 17. Bxa8 Bxa2+ 18. Kxa2 Qa4+ 19. Kb1 Nc4 20. Qd4 b3
21. cxb3 Qxb3 22. Bd5 Na3+ 23. Ka1 Qb5 24. bxa3 Bf6 25. Qxf6 gxf6 26. Rb1 Qxd5
27. Rxb8+ Kg7 28. Be3 c5 29. h4 Qe5+ 30. Rb2 Qc3 31. Ka2 Qc4+ 32. Ka1 Qc3 33.
Ka2 Qc4+ 34. Ka1 Qc3 35. Ka2 Qc4+ 1/2-1/2

[Event "DVM U16 2017"]
[Site "Walldorf GER"]
[Date "2017.12.30"]
[Round "7"]
[White "Garbuz, Vitaliy"]
[Black "Browning, Rebecca"]
[Result "1/2-1/2"]
[Termination "normal"]
[Board "3.2"]
[WhiteElo "2022"]
[BlackElo "1874"]
[WhiteClock "00:02:43"]
[BlackClock "00:05:37"]
[WhiteTeam "SF Brackel"]
[BlackTeam "MS Halver-Schalksmühle"]
[PlyCount "198"]
[WhiteFideId "12990710"]
[BlackFideId "12984027"]
[EventCountry "GER"]
[EventRounds "7"]
[EventType "team-swiss"]
[EventDate "2017.12.26"]

1. e4 e6 2. d4 d5 3. Nd2 h6 4. c3 c5 5. exd5 exd5 6. Ngf3 Nc6 7. Bb5 Bd6 8.
dxc5 Qe7+ 9. Be2 Bxc5 10. Nb3 Bb6 11. O-O Nf6 12. Bb5 O-O 13. Re1 Ne4 14. Be3
Bxe3 15. Rxe3 Be6 16. Nbd4 Qc5 17. Bd3 Nxd4 18. Nxd4 Qb6 19. Qe2 Nc5 20. Bf5
Bc8 21. Re1 g6 22. Bb1 Bd7 23. Qf3 Rae8 24. Qxd5 Rxe3 25. fxe3 Bc6 26. Qd6 Be4
27. Qxb6 axb6 28. Bxe4 Nxe4 29. Rd1 Nd6 30. Nc2 Nc4 31. b3 Ne5 32. Rd6 Rc8 33.
Rxb6 Rxc3 34. Nb4 Ng4 35. g3 Nxe3 36. Rxb7 Rc1+ 37. Kf2 Ng4+ 38. Kg2 Rb1 39. a4
Rxb3 40. a5 Ra3 41. a6 Ne3+ 42. Kg1 Nd5 43. Nxd5 Rxa6 44. Rb2 Rd6 45. Ne3 Kg7
46. Rf2 Re6 47. Rf3 Re4 48. Kf2 Ra4 49. g4 Rb4 50. Kg3 Ra4 51. h4 Ra1 52. g5
hxg5 53. hxg5 Rg1+ 54. Ng2 Ra1 55. Rf6 Rb1 56. Ne3 Rb5 57. Kh4 Rb1 58. Ng4 Re1
59. Rf3 Rh1+ 60. Rh3 Rf1 61. Nf6 Rg1 62. Rg3 Rh1+ 63. Kg4 Rf1 64. Rh3 Rg1+ 65.
Kf4 Rf1+ 66. Ke3 Rf5 67. Rh7+ Kf8 68. Rh4 Kg7 69. Rh7+ Kf8 70. Rh8+ Ke7 71.
Re8+ Kd6 72. Ra8 Ke7 73. Ne4 Rf1 74. Kd4 Rf5 75. Ra6 Rb5 76. Rc6 Rf5 77. Rc5
Rf1 78. Nf6 Kd6 79. Ne4+ Ke7 80. Re5+ Kd7 81. Ra5 Ke6 82. Nc5+ Kd6 83. Ra6+ Ke7
84. Ra7+ Kd6 85. Ne4+ Ke6 86. Ra6+ Ke7 87. Rf6 Rg1 88. Ke5 Ra1 89. Nd6 Ra5+ 90.
Kf4 Ra4+ 91. Ke3 Ra3+ 92. Kd4 Rg3 93. Rxf7+ Kxd6 94. Rf6+ Ke7 95. Rxg6 Kf7 96.
Rf6+ Kg7 97. Rf5 Kg6 98. Rb5 Rg4+ 99. Kc3 Rxg5 1/2-1/2

[Event "DVM U16 2017"]
[Site "Walldorf GER"]
[Date "2017.12.30"]
[Round "7"]
[White "Kölz, Niklas"]
[Black "Kartsev, Nikolay"]
[Result "1-0"]
[Termination "normal"]
[Board "3.3"]
[WhiteElo "1712"]
[BlackElo "2083"]
[WhiteClock "00:15:48"]
[BlackClock "00:01:52"]
[WhiteTeam "MS Halver-Schalksmühle"]
[BlackTeam "SF Brackel"]
[PlyCount "69"]
[WhiteFideId "12971758"]
[BlackFideId "12939536"]
[EventCountry "GER"]
[EventRounds "7"]
[EventType "team-swiss"]
[EventDate "2017.12.26"]

1. g3 e5 2. c4 Nf6 3. Bg2 c6 4. e4 Bb4 5. Nc3 O-O 6. Nge2 d6 7. O-O Re8 8. a3
Ba5 9. b4 Bc7 10. d3 Nbd7 11. h3 Nf8 12. Be3 Ng6 13. f4 exf4 14. Bxf4 Nh5 15.
d4 Nhxf4 16. Nxf4 Nxf4 17. gxf4 Qh4 18. Qf3 Re6 19. Rad1 Rg6 20. Rd3 Bd7 21.
Qf2 Qxf2+ 22. Rxf2 Re8 23. Kh2 Rf6 24. Ne2 a5 25. e5 Rfe6 26. d5 Rh6 27. exd6
Rxd6 28. c5 Rf6 29. d6 Bb8 30. b5 Rfe6 31. Nd4 Re3 32. Rxe3 Rxe3 33. bxc6 bxc6
34. Rb2 Re8 35. Bxc6 1-0

[Event "DVM U16 2017"]
[Site "Walldorf GER"]
[Date "2017.12.30"]
[Round "7"]
[White "Seref, Erdogan"]
[Black "Scholz, Sebastian"]
[Result "1/2-1/2"]
[Termination "normal"]
[Board "3.4"]
[WhiteElo "1849"]
[BlackElo "1729"]
[WhiteClock "00:08:44"]
[BlackClock "00:51:36"]
[WhiteTeam "SF Brackel"]
[BlackTeam "MS Halver-Schalksmühle"]
[PlyCount "135"]
[WhiteFideId "16206827"]
[BlackFideId "16202597"]
[EventCountry "GER"]
[EventRounds "7"]
[EventType "team-swiss"]
[EventDate "2017.12.26"]

1. e4 e6 2. d4 d5 3. Nd2 Nf6 4. e5 Nfd7 5. c3 c5 6. Bd3 Nc6 7. Ne2 cxd4 8. cxd4
f6 9. exf6 Qxf6 10. Nf3 Bb4+ 11. Bd2 Bxd2+ 12. Qxd2 e5 13. dxe5 Ndxe5 14. Nxe5
Qxe5 15. O-O-O O-O 16. Ng3 Be6 17. Rhe1 Qd6 18. Kb1 Rac8 19. f3 Rfe8 20. Rxe6
Rxe6 21. Bf5 Rd8 22. Bxe6+ Qxe6 23. Qg5 Qe5 24. Qxe5 Nxe5 25. Nf5 Kf7 26. b3
Ng6 27. g3 Ne5 28. Nd4 Nc6 29. f4 Nxd4 30. Rxd4 Ke6 31. g4 Re8 32. Kc2 Kd6 33.
Kd3 Re1 34. Rb4 b6 35. Ra4 a5 36. Kd2 Rh1 37. b4 Rxh2+ 38. Ke3 axb4 39. Rxb4
Kc5 40. Ra4 Rh3+ 41. Ke2 Rg3 42. g5 g6 43. Ra7 Rh3 44. a4 d4 45. a5 d3+ 46. Kd2
bxa5 47. Rxa5+ Kd4 48. Ra4+ Kd5 49. Rb4 Ke6 50. Rb5 Rf3 51. Rb7 Rxf4 52. Kxd3
Kf5 53. Rxh7 Kxg5 54. Ke3 Rf5 55. Rh2 Rf4 56. Rg2+ Rg4 57. Rh2 Rg3+ 58. Kf2 Kg4
59. Rh8 Rf3+ 60. Kg2 Ra3 61. Rb8 Ra2+ 62. Kg1 g5 63. Rb4+ Kg3 64. Rb3+ Kh4 65.
Rc3 g4 66. Rb3 Ra5 67. Rc3 Ra4 68. Rb3 1/2-1/2

[Event "DVM U16 2017"]
[Site "Walldorf GER"]
[Date "2017.12.30"]
[Round "7"]
[White "Koll, Lukas"]
[Black "von Estorff, Jacob"]
[Result "1/2-1/2"]
[Termination "normal"]
[Board "4.1"]
[WhiteElo "1854"]
[BlackElo "1937"]
[WhiteClock "00:59:28"]
[BlackClock "00:30:58"]
[WhiteTeam "Karlsruher SF"]
[BlackTeam "Post SV Uelzen"]
[PlyCount "56"]
[WhiteFideId "12969737"]
[BlackFideId "12974501"]
[EventCountry "GER"]
[EventRounds "7"]
[EventType "team-swiss"]
[EventDate "2017.12.26"]

1. Nf3 d5 2. g3 Nd7 3. d4 e6 4. Bg2 Ngf6 5. O-O Bd6 6. c4 O-O 7. Qc2 dxc4 8.
Qxc4 e5 9. dxe5 Nxe5 10. Nxe5 Bxe5 11. Nc3 c6 12. Bf4 Be6 13. Qa4 Bxf4 14. Qxf4
Qb6 15. Qd2 Rad8 16. Qc2 Nd5 17. Nxd5 Bxd5 18. Bxd5 Rxd5 19. Rad1 Rfd8 20. Rxd5
Rxd5 21. Rd1 Rxd1+ 22. Qxd1 g6 23. Qd2 c5 24. b3 Qc7 25. Qd3 Qc6 26. Qd8+ Kg7
27. Qb8 a6 28. Qe5+ Kg8 1/2-1/2

[Event "DVM U16 2017"]
[Site "Walldorf GER"]
[Date "2017.12.30"]
[Round "7"]
[White "Fidlin, Simon"]
[Black "Rothenberg, Jannik"]
[Result "1-0"]
[Termination "normal"]
[Board "4.3"]
[WhiteElo "1825"]
[BlackElo "1768"]
[WhiteClock "00:40:53"]
[BlackClock "00:31:53"]
[WhiteTeam "Karlsruher SF"]
[BlackTeam "Post SV Uelzen"]
[PlyCount "75"]
[WhiteFideId "16217535"]
[BlackFideId "16204743"]
[EventCountry "GER"]
[EventRounds "7"]
[EventType "team-swiss"]
[EventDate "2017.12.26"]

1. e4 e6 2. d4 d5 3. Nd2 Nf6 4. e5 Nfd7 5. Bd3 c5 6. c3 Nc6 7. Ne2 cxd4 8. cxd4
f6 9. Nf4 Nxd4 10. Qh5+ Ke7 11. exf6+ Nxf6 12. Ng6+ hxg6 13. Qxh8 Kf7 14. Qh4
e5 15. Nf3 Nxf3+ 16. gxf3 Bf5 17. Bxf5 gxf5 18. Bg5 Rc8 19. O-O Be7 20. Rac1
Rc6 21. Rfe1 Qc7 22. Rxc6 bxc6 23. Qh3 g6 24. Qh8 e4 25. fxe4 fxe4 26. Bh6 Nh5
27. Qh7+ Kf6 28. h4 Qd6 29. Bg5+ Ke6 30. Qxg6+ Nf6 31. Bxf6 Bxf6 32. h5 Qe5 33.
Qe8+ Be7 34. Qxc6+ Bd6 35. Qe8+ Be7 36. Qg8+ Kd7 37. h6 Bd6 38. Qg7+ 1-0

[Event "DVM U16 2017"]
[Site "Walldorf GER"]
[Date "2017.12.30"]
[Round "7"]
[White "Askerov, Imamali"]
[Black "Wang, Xinyuan"]
[Result "1/2-1/2"]
[Termination "normal"]
[Board "4.4"]
[WhiteElo "1797"]
[BlackElo "1688"]
[WhiteClock "00:01:15"]
[BlackClock "00:39:08"]
[WhiteTeam "Post SV Uelzen"]
[BlackTeam "Karlsruher SF"]
[PlyCount "78"]
[WhiteFideId "12974498"]
[BlackFideId "16221494"]
[EventCountry "GER"]
[EventRounds "7"]
[EventType "team-swiss"]
[EventDate "2017.12.26"]

1. e4 c5 2. Nf3 a6 3. c4 b6 4. Nc3 Bb7 5. d4 cxd4 6. Nxd4 e6 7. Be3 Qc7 8. Be2
Nf6 9. f3 d6 10. O-O Nbd7 11. Qd2 Be7 12. a4 Rc8 13. Rfc1 Qb8 14. Qe1 Bd8 15.
Qf2 Bc7 16. g3 O-O 17. Bf1 Rfe8 18. Rd1 d5 19. cxd5 exd5 20. exd5 Ne5 21. Re1
Rcd8 22. Nc6 Bxc6 23. dxc6 Qa8 24. Bf4 Qxc6 25. Bxe5 Bxe5 26. Rad1 Rxd1 27.
Rxd1 Bxc3 28. bxc3 Qxa4 29. Rd6 b5 30. Qb6 Qa1 31. Qc6 Qe1 32. Qxa6 Qxc3 33.
Qxb5 Qe3+ 34. Kg2 Rc8 35. Qf5 Qc1 36. Bd3 Qd2+ 37. Kh3 Qh6+ 38. Kg2 Qd2+ 39.
Kh3 Qh6+ 1/2-1/2

[Event "DVM U16 2017"]
[Site "Walldorf GER"]
[Date "2017.12.30"]
[Round "7"]
[White "Wendler, David"]
[Black "Lieberwirth, Kasimir"]
[Result "1-0"]
[Termination "normal"]
[Board "5.1"]
[WhiteElo "2123"]
[BlackElo "2034"]
[WhiteClock "00:31:56"]
[BlackClock "00:22:00"]
[WhiteTeam "SK Bebenhausen"]
[BlackTeam "SG Turm Leipzig"]
[PlyCount "51"]
[WhiteFideId "12938360"]
[BlackFideId "12988146"]
[EventCountry "GER"]
[EventRounds "7"]
[EventType "team-swiss"]
[EventDate "2017.12.26"]

1. e4 c5 2. c3 g6 3. d4 cxd4 4. cxd4 d5 5. exd5 Nf6 6. Nc3 Bg7 7. Bc4 O-O 8.
Nge2 Nbd7 9. Nf4 Nb6 10. Bb3 Bf5 11. O-O Rc8 12. Re1 Ne8 13. Be3 Nd6 14. Qe2
Qd7 15. f3 h5 16. Bf2 Bh6 17. Nd3 Bxd3 18. Qxd3 Ndc4 19. Re2 Qc7 20. Bg3 Nxb2
21. d6 Qxc3 22. Qxg6+ Bg7 23. Be5 Qc1+ 24. Rxc1 Rxc1+ 25. Kf2 Nd1+ 26. Kg3 1-0

[Event "DVM U16 2017"]
[Site "Walldorf GER"]
[Date "2017.12.30"]
[Round "7"]
[White "Buschmann, Julius"]
[Black "Grimm, Ling Leander"]
[Result "0-1"]
[Termination "normal"]
[Board "5.2"]
[WhiteElo "1585"]
[BlackElo "1830"]
[WhiteClock "00:03:19"]
[BlackClock "00:03:46"]
[WhiteTeam "SG Turm Leipzig"]
[BlackTeam "SK Bebenhausen"]
[PlyCount "114"]
[WhiteFideId "16255895"]
[BlackFideId "12968277"]
[EventCountry "GER"]
[EventRounds "7"]
[EventType "team-swiss"]
[EventDate "2017.12.26"]

1. e4 c5 2. Nf3 g6 3. d4 cxd4 4. Nxd4 Nc6 5. Be3 Nf6 6. f3 d5 7. exd5 Nxd5 8.
Nxc6 bxc6 9. Bd4 f6 10. Bc4 e5 11. Bf2 Be6 12. Bb3 Bh6 13. O-O Qa5 14. Qe1 Qxe1
15. Rxe1 a5 16. Nc3 Kf7 17. Nxd5 cxd5 18. a4 Rab8 19. Be3 Bxe3+ 20. Rxe3 d4 21.
Rd3 Bxb3 22. cxb3 Rhc8 23. Rad1 Ke6 24. R1d2 Rb4 25. Kf2 Rcb8 26. Rc2 Rxb3 27.
Rxb3 Rxb3 28. Rc6+ Ke7 29. Rc5 Rxb2+ 30. Kf1 Kd6 31. Rxa5 f5 32. Ra6+ Kc7 33.
Re6 Ra2 34. Rxe5 Rxa4 35. f4 Kd6 36. Ke2 d3+ 37. Kxd3 Rxf4 38. Re2 Kd5 39. g3
Rf3+ 40. Re3 Rf2 41. Re2 Rxe2 42. Kxe2 Ke4 43. Kf2 g5 44. Ke2 g4 45. Kf2 Kd3
46. Ke1 Ke3 47. Kf1 Kf3 48. Kg1 h5 49. Kf1 h4 50. gxh4 Ke4 51. Kf2 f4 52. Kg2
Kf5 53. Kf2 Kg6 54. Kg2 Kh5 55. Kf2 Kxh4 56. Kg2 f3+ 57. Kh1 Kh3 0-1

[Event "DVM U16 2017"]
[Site "Walldorf GER"]
[Date "2017.12.30"]
[Round "7"]
[White "Freiherr von Hauff, Christopher"]
[Black "Bosch, Jonael"]
[Result "1-0"]
[Termination "normal"]
[Board "5.3"]
[WhiteElo "1804"]
[BlackElo "1569"]
[WhiteClock "00:31:28"]
[BlackClock "00:00:37"]
[WhiteTeam "SK Bebenhausen"]
[BlackTeam "SG Turm Leipzig"]
[PlyCount "51"]
[WhiteFideId "16200691"]
[BlackFideId "16251253"]
[EventCountry "GER"]
[EventRounds "7"]
[EventType "team-swiss"]
[EventDate "2017.12.26"]

1. e4 e5 2. f4 exf4 3. Nf3 g5 4. Bc4 Nc6 5. d4 g4 6. O-O gxf3 7. Qxf3 Nxd4 8.
Qxf4 f6 9. e5 Ne6 10. Qf3 Qe7 11. Bxe6 dxe6 12. exf6 Qf7 13. Nc3 Bc5+ 14. Kh1
Bd4 15. Bg5 Bxc3 16. bxc3 h6 17. Bh4 a5 18. Bg3 Rh7 19. Rad1 Ra6 20. Be5 Rc6
21. Rd3 Ne7 22. Rfd1 Nd5 23. Qe4 b5 24. Bxc7 Qxc7 25. Rxd5 Kf7 26. Qxh7+ 1-0

[Event "DVM U16 2017"]
[Site "Walldorf GER"]
[Date "2017.12.30"]
[Round "7"]
[White "Kreicarek, Tobias"]
[Black "Greitmann, Niklas"]
[Result "1-0"]
[Termination "normal"]
[Board "5.4"]
[WhiteElo "1415"]
[BlackElo "1623"]
[WhiteClock "00:04:42"]
[BlackClock "00:01:53"]
[WhiteTeam "SG Turm Leipzig"]
[BlackTeam "SK Bebenhausen"]
[PlyCount "119"]
[WhiteFideId "16255909"]
[BlackFideId "16200705"]
[EventCountry "GER"]
[EventRounds "7"]
[EventType "team-swiss"]
[EventDate "2017.12.26"]

1. e4 c5 2. Nf3 Nc6 3. d4 cxd4 4. Nxd4 g6 5. Nc3 Bg7 6. Nf3 d6 7. Bb5 Bd7 8.
O-O a6 9. Ba4 Nf6 10. Re1 b5 11. Bb3 O-O 12. Bg5 Bg4 13. h3 Bxf3 14. Qxf3 Nd4
15. Qe3 Nxb3 16. axb3 Qc7 17. Rac1 e6 18. f4 Rfe8 19. Qf2 Qc5 20. Qxc5 dxc5 21.
e5 Nd5 22. Nxd5 exd5 23. Rcd1 d4 24. c3 dxc3 25. bxc3 h6 26. Bh4 Bf8 27. Rd7
Re6 28. g4 Rae8 29. Rd5 Rc6 30. Rd7 b4 31. c4 Ra8 32. Red1 Re6 33. R1d5 Rc8 34.
Ra7 Rec6 35. Rad7 Re6 36. Ra7 Rec6 37. Rdd7 Re6 38. Rxf7 g5 39. Bg3 gxf4 40.
Bxf4 Rd8 41. Rfd7 Rxd7 42. Rxd7 Rg6 43. Kg2 Rc6 44. Kf3 Rc8 45. Ke4 Ra8 46. Kf5
a5 47. e6 a4 48. e7 Bxe7 49. Rxe7 axb3 50. Re2 Rf8+ 51. Ke4 Re8+ 52. Be5 Ra8
53. Rb2 Ra3 54. Kd5 Kf7 55. Bd6 Ra2 56. Rxb3 Rd2+ 57. Kxc5 Ke6 58. Bf4 Rf2 59.
Bxh6 Rf7 60. Kxb4 1-0

[Event "DVM U16 2017"]
[Site "Walldorf GER"]
[Date "2017.12.30"]
[Round "7"]
[White "Hinrichs, Niklas"]
[Black "Färber, David"]
[Result "1/2-1/2"]
[Termination "normal"]
[Board "6.1"]
[WhiteElo "1975"]
[BlackElo "2147"]
[WhiteClock "00:18:22"]
[BlackClock "00:20:57"]
[WhiteTeam "SK Bingen"]
[BlackTeam "SV 1947 Walldorf"]
[PlyCount "58"]
[WhiteFideId "12942499"]
[BlackFideId "12971294"]
[EventCountry "GER"]
[EventRounds "7"]
[EventType "team-swiss"]
[EventDate "2017.12.26"]

1. d4 Nf6 2. c4 e6 3. Nc3 Bb4 4. e3 b6 5. Bd3 Bb7 6. Nf3 Ne4 7. Bxe4 Bxc3+ 8.
bxc3 Bxe4 9. O-O f5 10. Nd2 Bb7 11. Qh5+ g6 12. Qh6 Qe7 13. a4 d6 14. c5 Qf8
15. Qxf8+ Rxf8 16. cxd6 cxd6 17. Ba3 Ke7 18. Rfc1 Rd8 19. a5 bxa5 20. c4 Nc6
21. c5 d5 22. Bb2 Ba6 23. Bc3 Bb5 24. Bxa5 Rd7 25. f4 Rb7 26. Rc3 Rab8 27. Kf2
h6 28. Rca3 Kd7 29. Bc3 Bd3 1/2-1/2

[Event "DVM U16 2017"]
[Site "Walldorf GER"]
[Date "2017.12.30"]
[Round "7"]
[White "Ivanov, Iliyan"]
[Black "Hinrichs, Paul"]
[Result "1-0"]
[Termination "normal"]
[Board "6.2"]
[WhiteElo "1556"]
[BlackElo "1830"]
[WhiteClock "00:19:16"]
[BlackClock "00:23:13"]
[WhiteTeam "SV 1947 Walldorf"]
[BlackTeam "SK Bingen"]
[PlyCount "93"]
[WhiteFideId "16247329"]
[BlackFideId "12942545"]
[EventCountry "GER"]
[EventRounds "7"]
[EventType "team-swiss"]
[EventDate "2017.12.26"]

1. e4 e5 2. Nf3 Nc6 3. Bc4 Bc5 4. O-O Nf6 5. d4 Bxd4 6. Nxd4 Nxd4 7. f4 d6 8.
fxe5 dxe5 9. Bg5 Qe7 10. c3 Nc6 11. Kh1 Be6 12. Na3 Na5 13. Qa4+ Nc6 14. Rad1
O-O 15. Bxf6 gxf6 16. Rf3 a6 17. Bd5 Rad8 18. Nc2 Nb8 19. Rdf1 b5 20. Qb3 c6
21. Bxe6 fxe6 22. Ne3 Rd2 23. Nf5 Qe8 24. Rg3+ Kh8 25. Ng7 Qf7 26. Nxe6 Re8 27.
Nc5 Qxb3 28. axb3 Nd7 29. Nxd7 Rxd7 30. h3 Rd2 31. Rxf6 Rxb2 32. b4 a5 33. bxa5
c5 34. Rc6 c4 35. Rb6 Rg8 36. Rxg8+ Kxg8 37. a6 Ra2 38. Kh2 Kg7 39. Rb7+ Kg6
40. a7 h5 41. Kg3 Kg5 42. Rxb5 Rxa7 43. Rxe5+ Kf6 44. Rc5 Rg7+ 45. Kf4 h4 46.
Rc6+ Ke7 47. Rc7+ 1-0